| 000 | 01270cam a2200325 a 4500 | ||
|---|---|---|---|
| 001 | 15075717 | ||
| 005 | 20080625171756.0 | ||
| 008 | 071108s2009 maua b 001 0 eng | ||
| 010 | _a 2007046365 | ||
| 020 | _a9780321524034 | ||
| 020 | _a0321524039 | ||
| 020 | _a9780321544285 | ||
| 020 | _a0321544285 | ||
| 035 | _a(OCoLC)ocn181072681 | ||
| 035 | _a(OCoLC)181072681 | ||
| 040 |
_aDLC _cDLC _dBAKER _dC#P _dYDXCP _dDLC |
||
| 050 | 0 | 0 |
_aQA76 _b.B743 2009 |
| 082 | 0 | 0 |
_a004 _222 _bBRO |
| 100 | 1 |
_aBrookshear, J. Glenn. _93722 |
|
| 245 | 1 | 0 |
_aComputer science : _ban overview / _cJ. Glenn Brookshear. |
| 250 |
_a10th ed. _bPearson International Edition |
||
| 260 |
_aBoston : _bPearson/Addison Wesley, _cc2009. |
||
| 300 |
_axviii, 666 p. : _bill. (some col.) ; _c24 cm. |
||
| 504 | _aIncludes bibliographical references and index. | ||
| 650 | 0 |
_aComputer science. _93723 |
|
| 942 |
_2ddc _cBB |
||
| 999 |
_c11308 _d11308 |
||